01022nam a2200301Ia 450000500170000000800410001702000190005810000320007724500700010925000190017930000610019849000130025953400270027265000440029965000480034365000350039165000360042665000390046270000250050194200150052626400300054133600270057133700330059833800280063104000350065908400110069499900150070520220317001141.0160825s2006 sp a g 000 0 spa  a978842613250111 aKästner, Erichd1899-197410aEmilio y los detectivescErich Kästner ; ilustrado Walter Trier a2a. edición  a166 páginas bilustraciones en blanco y negro c22 cm  aJuventud tEmil und die detektive142LEMBaNovela juvenil alemana ySiglo XX142LEMBaLiteratura juvenil alemana ySiglo XX142LEMBaNiños en la literatura142LEMBaSuspenso en la literatura142LEMB aDetectives en la literatura1 aTrier, Walter916385 2loccBKLIT aBarcelonabJuventudc2006 atextobtxt2rdacontent asin mediaciónbn2rdamedia avolumenbnc2rdacarrier aCO-BoRNBPbspaerdacCO-BoRNBP aN KAS3 c6077d6077